[Event "MVP-ch Seniors op 18th"]
[Site "Ostseebad Binz"]
[Date "2018.12.04"]
[Round "7"]
[White "Ophoff, Rigobert"]
[Black "Meyer, Irmin"]
[Result "1/2-1/2"]
[WhiteElo "1884"]
[BlackElo "2002"]
[PlyCount "23"]
[EventDate "2018.11.28"]
[EventType "swiss"]
[EventRounds "9"]
[EventCountry "GER"]
[SourceTitle "CBM 188 Extra"]
[Source "ChessBase"]
[SourceDate "2019.02.26"]
[SourceVersion "1"]
[SourceVersionDate "2019.02.26"]
[SourceQuality "1"]

1. d4 Nf6 2. Nf3 e6 3. e3 c5 4. c3 Nc6 5. Bd3 d5 6. Nbd2 Be7 7. 0-0 cxd4 8. exd4 0-0 9. Re1 Qc7 10. Qe2 a6 11. Ne5 b5 12. a3 1/2-1/2

[Event "MVP-ch Seniors op 17th"]
[Site "Binz"]
[Date "2017.12.07"]
[Round "9.22"]
[White "Ophoff, Rigobert"]
[Black "Moeller, Peter1111"]
[Result "1-0"]
[WhiteElo "1882"]
[BlackElo "1682"]
[PlyCount "55"]
[EventDate "2017.11.29"]
[EventType "swiss"]
[EventRounds "9"]
[EventCountry "GER"]
[SourceTitle "EXT 2019"]
[Source "ChessBase"]
[SourceDate "2018.10.10"]
[SourceVersion "1"]
[SourceVersionDate "2018.10.10"]
[SourceQuality "1"]

1. d4 d5 2. Nf3 Nf6 3. c4 c6 4. Nc3 Bg4 5. Ne5 Bf5 6. cxd5 Nxd5 7. Qb3 Qb6 8. Qxb6 Nxb6 9. e4 Bg6 10. Be3 N8d7 11. Nxd7 Nxd7 12. Rc1 e6 13. f3 Bb4 14. Kf2 Ba5 15. Be2 a6 16. Na4 Rd8 17. Rhd1 Ke7 18. a3 Rc8 19. b4 Bc7 20. Nc5 Nxc5 21. bxc5 Rhd8 22. Rb1 Rb8 23. Rb2 Kd7 24. Rdb1 Kc8 25. Rxb7 Rxb7 26. Bxa6 Kd7 27. Rxb7 Rb8 28. Rxc7+ 1-0

[Event "MVP-ch Seniors op 16th"]
[Site "Binz"]
[Date "2016.12.01"]
[Round "9.27"]
[White "Ophoff, Rigobert"]
[Black "Jung, Werner"]
[Result "1/2-1/2"]
[WhiteElo "1918"]
[BlackElo "2011"]
[PlyCount "87"]
[EventDate "2016.11.23"]
[EventType "swiss"]
[EventRounds "9"]
[EventCountry "GER"]
[SourceTitle "EXT 2018"]
[Source "ChessBase"]
[SourceDate "2017.10.13"]
[SourceVersion "1"]
[SourceVersionDate "2017.10.13"]
[SourceQuality "1"]

1. d4 f5 2. g3 g6 3. Bg2 Nf6 4. c4 Bg7 5. Nc3 0-0 6. Nf3 d6 7. 0-0 c6 8. Qc2 Na6 9. a3 Qe8 10. Re1 e5 11. dxe5 dxe5 12. e4 Nh5 13. b4 f4 14. Bb2 Bg4 15. Rf1 Qe6 16. c5 h6 17. Rad1 Rad8 18. Rxd8 Rxd8 19. Rd1 Rf8 20. Rf1 Bf6 21. Nd2 Rd8 22. f3 Bh3 23. g4 Bxg2 24. Kxg2 Ng7 25. Rd1 h5 26. h3 Nc7 27. Nb3 Rd7 28. Rxd7 Qxd7 29. Qd2 Qxd2+ 30. Nxd2 Kf7 31. Nb3 b6 32. Na4 b5 33. Nc3 Nce6 34. Ne2 Nd8 35. Kf1 Ke6 36. Ke1 Ne8 37. Kd2 Be7 38. Nec1 Nf6 39. Nd3 Nd7 40. Ke2 Bf6 41. Kf2 Bh4+ 42. Ke2 Bg3 43. Kf1 Bh4 44. Ke2 1/2-1/2

[Event "Schleswig Holstein-ch Seniors op 10th"]
[Site "Buesum"]
[Date "2016.10.03"]
[Round "8"]
[White "Ophoff, Rigobert"]
[Black "Pantel, Heinrich"]
[Result "1/2-1/2"]
[WhiteElo "1947"]
[BlackElo "1823"]
[PlyCount "110"]
[EventDate "2016.09.26"]
[EventType "swiss"]
[EventRounds "9"]
[EventCountry "GER"]
[SourceTitle "EXT 2019"]
[Source "ChessBase"]
[SourceDate "2018.10.10"]
[SourceVersion "1"]
[SourceVersionDate "2018.10.10"]
[SourceQuality "1"]

1. c4 e5 2. g3 Nf6 3. Bg2 c6 4. Nc3 Bb4 5. Qb3 Bxc3 6. Qxc3 Qc7 7. Nf3 d6 8. c5 Nbd7 9. cxd6 Qxd6 10. d3 Nd5 11. Qd2 Qb4 12. a3 Qxd2+ 13. Bxd2 0-0 14. 0-0 Re8 15. e4 N5f6 16. Bc3 Rb8 17. Rfe1 c5 18. b4 b6 19. b5 g6 20. Nd2 Bb7 21. Nc4 Red8 22. Red1 Ne8 23. Nxe5 Nxe5 24. Bxe5 Ra8 25. Bf1 Nd6 26. a4 Ne8 27. f3 f6 28. Bc3 Kf7 29. a5 Ng7 30. axb6 axb6 31. Rxa8 Rxa8 32. Ra1 Ne6 33. Rxa8 Bxa8 34. Kf2 Bb7 35. Ke3 Ke7 36. d4 Nxd4 37. Bxd4 cxd4+ 38. Kxd4 Kd6 39. Bc4 g5 40. f4 h6 41. h4 Bc8 42. hxg5 hxg5 43. fxg5 fxg5 44. e5+ Ke7 45. Ke4 Bg4 46. Kd4 Bf3 47. Bd5 Be2 48. Bc6 Ke6 49. Ke4 Bc4 50. g4 Be2 51. Bd5+ Ke7 52. Kf5 Bxb5 53. Kxg5 Bd3 54. Kh6 b5 55. g5 Bc4 1/2-1/2

[Event "GER-chA Seniors 28th"]
[Site "Niederhausen"]
[Date "2016.08.20"]
[Round "8"]
[White "Ophoff, Rigobert"]
[Black "Schnell, Franz"]
[Result "1-0"]
[WhiteElo "1969"]
[BlackElo "1719"]
[PlyCount "89"]
[EventDate "2016.08.13"]
[EventType "swiss"]
[EventRounds "9"]
[EventCountry "GER"]
[SourceTitle "EXT 2019"]
[Source "ChessBase"]
[SourceDate "2018.10.10"]
[SourceVersion "1"]
[SourceVersionDate "2018.10.10"]
[SourceQuality "1"]

1. d4 d5 2. Nf3 Bf5 3. c4 Bxb1 4. Rxb1 dxc4 5. Qa4+ Nc6 6. Qxc4 e6 7. e3 Nf6 8. Bd3 Be7 9. 0-0 0-0 10. b4 a6 11. Bd2 Qd5 12. Rfc1 Bd6 13. a4 Qh5 14. e4 e5 15. dxe5 Nxe5 16. Nxe5 Bxe5 17. f4 b5 18. axb5 axb5 19. Qc5 Ra2 20. Rc2 Rxc2 21. Bxc2 Bd6 22. Qxh5 Nxh5 23. e5 Be7 24. g4 Rd8 25. Be3 Nxf4 26. Bxf4 Rd4 27. Be3 Rxg4+ 28. Kf2 Bxb4 29. Kf3 h5 30. Be4 c5 31. Ra1 g6 32. Ra7 Rh4 33. Bf4 Rh3+ 34. Kg2 Rh4 35. Kf3 Rh3+ 36. Ke2 c4 37. Bd5 Rd3 38. Bxf7+ Kh8 39. Bxg6 Rd8 40. Bg5 Rc8 41. Bf6+ Kg8 42. Bh7+ Kf8 43. Bg7+ Ke8 44. Bg6+ Kd8 45. Bf6+ 1-0

[Event "WchT Seniors 65"]
[Site "Radebeul"]
[Date "2016.06.29"]
[Round "4.2"]
[White "Ophoff, Rigobert"]
[Black "Hassenrueck, Helmut"]
[Result "0-1"]
[WhiteElo "1981"]
[BlackElo "2231"]
[PlyCount "54"]
[EventDate "2016.06.26"]
[EventType "team-swiss"]
[EventRounds "9"]
[EventCountry "GER"]
[SourceTitle "CBM 173 Extra"]
[Source "ChessBase"]
[SourceDate "2016.08.29"]
[SourceVersion "1"]
[SourceVersionDate "2016.08.29"]
[SourceQuality "1"]
[WhiteTeam "Surprise"]
[BlackTeam "Katernberg"]
[WhiteTeamCountry "GER"]
[BlackTeamCountry "GER"]

1. d4 Nf6 2. c4 e6 3. Nf3 c5 4. Nc3 cxd4 5. Nxd4 Bb4 6. Qc2 Nc6 7. Nxc6 bxc6 8. e3 0-0 9. Bd3 d5 10. cxd5 cxd5 11. 0-0 Bb7 12. a3 Bd6 13. Qe2 e5 14. Bd2 Qe7 15. Ba6 Rfb8 16. Bxb7 Qxb7 17. Rfb1 d4 18. exd4 exd4 19. Nd1 Re8 20. Qd3 Qd5 21. f3 Rab8 22. b4 Qe5 23. g3 Qe2 24. Rb3 Rbc8 25. Rc1 Rxc1 26. Bxc1 Qe1+ 27. Kg2 Re2+ 0-1

[Event "MVP-ch Seniors op 15th"]
[Site "Binz"]
[Date "2015.11.26"]
[Round "3.22"]
[White "Krueger, Horst"]
[Black "Ophoff, Rigobert"]
[Result "1/2-1/2"]
[WhiteElo "1944"]
[BlackElo "1783"]
[PlyCount "104"]
[EventDate "2015.11.24"]
[EventType "swiss"]
[EventRounds "9"]
[EventCountry "GER"]
[SourceTitle "EXT 2017"]
[Source "ChessBase"]
[SourceDate "2016.10.25"]
[SourceVersion "1"]
[SourceVersionDate "2016.10.25"]
[SourceQuality "1"]

1. d4 Nf6 2. c4 d6 3. Nc3 e5 4. dxe5 dxe5 5. Qxd8+ Kxd8 6. Bg5 Be6 7. 0-0-0+ Kc8 8. Nf3 Nbd7 9. e3 c6 10. Bxf6 gxf6 11. Be2 Kc7 12. a3 a5 13. Nd2 Be7 14. g4 Rhg8 15. Rdg1 Rg7 16. Rg3 Rag8 17. Rhg1 f5 18. gxf5 Rxg3 19. Rxg3 Rxg3 20. hxg3 Bxf5 21. g4 Bg6 22. e4 Nc5 23. f3 Bg5 24. Kc2 Ne6 25. Nb3 b6 26. Bd1 h5 27. gxh5 Bxh5 28. Nb1 Bg6 29. Kc3 f5 30. N3d2 Nd4 31. b4 axb4+ 32. axb4 f4 33. Nb3 Nxb3 34. Kxb3 Bf7 35. Be2 Bh4 36. Nd2 Be1 37. Nf1 Bf2 38. Ka4 Bd4 39. Nd2 Be3 40. Nf1 Bf2 41. Nh2 Bd4 42. Ng4 Be6 43. Nh6 Kd7 44. Nf5 Bf2 45. Bd3 Bg1 46. Bf1 Bf2 47. Ng7 Bf7 48. Bh3+ Kd6 49. Nf5+ Kc7 50. Bf1 Bg1 51. b5 c5 52. Ne7 Kd6 1/2-1/2

[Event "GER-chA Seniors 27th"]
[Site "Magdeburg"]
[Date "2015.08.16"]
[Round "2"]
[White "Ophoff, Rigobert"]
[Black "Fleischer, Martin"]
[Result "1-0"]
[WhiteElo "2009"]
[BlackElo "1859"]
[PlyCount "95"]
[EventDate "2015.08.15"]
[EventType "swiss"]
[EventRounds "9"]
[EventCountry "GER"]
[SourceTitle "EXT 2018"]
[Source "ChessBase"]
[SourceDate "2017.10.13"]
[SourceVersion "1"]
[SourceVersionDate "2017.10.13"]
[SourceQuality "1"]

1. d4 e6 2. Nf3 d5 3. c4 dxc4 4. e3 a6 5. Bxc4 b5 6. Be2 Bb7 7. 0-0 Nd7 8. a4 c6 9. Bd2 Ngf6 10. Qb3 Be7 11. Bb4 0-0 12. Bxe7 Qxe7 13. Nbd2 Nd5 14. Rfc1 h6 15. Ne4 N5f6 16. Nc5 Nxc5 17. Rxc5 Nd7 18. Rc2 Nb6 19. Ne5 Nxa4 20. Nxc6 Bxc6 21. Rxc6 Rfc8 22. Rac1 Rxc6 23. Rxc6 Qd7 24. Qc2 Nxb2 25. Rc7 Qd8 26. Bf3 Nc4 27. Rxc4 bxc4 28. Bxa8 Qxa8 29. Qxc4 a5 30. Qa4 Qb7 31. h3 Qb1+ 32. Kh2 Qb4 33. Qe8+ Kh7 34. Qxf7 Qd6+ 35. g3 a4 36. Qa7 a3 37. Qa8 h5 38. h4 Kg6 39. Qa4 Qe7 40. Qa8 Qb4 41. Qe4+ Kf7 42. Qf3+ Ke7 43. Qxh5 Qb2 44. Qg5+ Kd7 45. Qxg7+ Kc6 46. Qg4 Kb6 47. Kg2 Kb5 48. d5 1-0